000 00791nam a22002417a 4500
001 3726
003 FISKH
005 20240425091929.0
008 240425b cb ||||| |||| 00| 0 eng d
040 _aFISK
_beng
_cFISK
_dFISK
050 _aPZ7.C677475
082 _a823.914
100 _aColfer Eoin
_d1965-
245 _aArtemis fowl /
_cEoin Colfer
260 _aNew York :
_bU.S. paperback,
_c2006
300 _a497 pages :
_c18 cm
505 _aZ
520 _aWhen a twelve-year-old evil genius tries to restore his family fortune by capturing a fairy and demanding a ransom in gold, the fairies fight back with magic, technology, and a particularly nasty troll.
521 8 _aestimates,
_bLexiles
700 _aEoin Colfer
942 _2lcc
_cBK
_n0
999 _c3726
_d3726